000
00297nam a22001337a 4500
008
170216b xxu||||| |||| 00| 0 eng d
020
_a
000029571468
041
_a
eng
080
_2
13TH
_a
615
100
_a
5
101
_a
SHF
245
_a
DRUG INFORMATION HANDBOOK
_c
LACY, CH.F
942
_2
udc
_c
BK
999
_c
5712
_d
5712